000 004780000a22001810004500
003 LK-CoMWRAF
005 20231230154904.0
008 230817t ||||| |||| 00| 0 eng d
040 _aLK-CoMWRAF
_dLK-CoMWRAF
_eLK-CoMWRAF
041 _aeng
082 _a823
_bINN
245 _aThe Inner courtyard :
_bStories by Indian women
260 _aNew Delhi :
_bRupa & company,
_c1991
300 _a204p
650 _aShort stories
700 _aHolmstrom, Lakshmi
_eed.
942 _cBK
999 _c1109
_d1109